000 01187cad a22002295a 4500
001 L141864
008 080103e20071221xxk f 000 0 eng d
041 0 _aeng
050 0 4 _a346.41043 $2 18
110 2 _aRoyal Institution of Chartered Surveyors
_94900
245 0 0 _aCustomary leaseholds and perpetual tenancies on the Kenyan coast
260 _aLondon,
_bRICS,
_c2007
300 _a7p.
490 0 _aRICS Research Paper Series
_v7(15)
490 0 _aFiBRE Findings in Built and Rural Environments
520 _aReviews the historical context and how that shaped current tenure patterns. These can be classified into three categories: private, customary and state land. However within this, there are many private arrangements, some traditional and others modern innovations responding to market and demographic pressures. Urbanisation is also presenting a new challenge in terms of planning, land management for economic growth, and the political need to reconcile communal with private ambitions. Considers the policy implications of these unusual tenure types.
521 2 _aAdvanced
590 _aKA
651 4 _aKenya
690 _aPROPERTY-TENURE
942 _n0
_2ddc
999 _c107780
_d107780